Electronic engineers reference book (Record no. 22377)

MARC details
000 -LEADER
fixed length control field 00310nam a2200121Ia 4500
082 ## - DEWEY DECIMAL CLASSIFICATION NUMBER
Classification number 621.38(03)
Item number HUG
245 #0 - TITLE STATEMENT
Title Electronic engineers reference book
260 ## - PUBLICATION, DISTRIBUTION, ETC. (IMPRINT)
Place of publication London
Name of publisher Heywoods
Year of publication 1967
700 ## - ADDED ENTRY--PERSONAL NAME
Personal name Holland, F W
700 ## - ADDED ENTRY--PERSONAL NAME
Personal name Hughes, L E C
942 ## - ADDED ENTRY ELEMENTS (KOHA)
Koha item type Books
Holdings
Withdrawn status Lost status Damaged status Not for loan Home library Current library Date acquired Full call number Accession Number Koha item type
        RRII Library RRII Library 16/12/2021 621.38(03) HUG 03097 Books